QUEST Central Library Banner

Sindh Irrigation Engineering History Theory and Practice (Record no. 69016)

MARC details
000 -LEADER
fixed length control field 00339nam a22001337a 4500
082 ## - DEWEY DECIMAL CLASSIFICATION NUMBER
Classification number DAH
100 ## - MAIN ENTRY--AUTHOR NAME
Personal name Dahari Bashir Ahmed
245 ## - TITLE STATEMENT
Title Sindh Irrigation Engineering History Theory and Practice
260 ## - PUBLICATION, DISTRIBUTION, ETC. (IMPRINT)
Place of publication Karachi
Name of publisher Pea Cock Pub
Year of publication 2024
300 ## - PHYSICAL DESCRIPTION
Number of Pages 338p.
650 ## - SUBJECT ADDED ENTRY--TOPICAL TERM
Topical Term Irrigation
650 ## - SUBJECT ADDED ENTRY--TOPICAL TERM
Topical Term Irrigation Engineering
942 ## - ADDED ENTRY ELEMENTS (KOHA)
Koha item type Books
Holdings
Withdrawn status Lost status Home library Current library Date acquired Full call number Accession Number Koha item type
    Central Library, QUEST, Nawabshah Central Library, QUEST, Nawabshah 15/01/2026 DAH D2337 Books

Copyright © 2018,The QUEST, Nawabshah, Shaheed Benazirabad. All rights reserved
Mr. G. Farooq Channar (Librarian) QUEST, Nawabshah, Sindh, Pakistan 67480.
 Ph#: |   0244-9370381-4 Ext. 2308   Email| lib@quest.edu.pk   Web|  http://www.quest.edu.pk